Types of Vehicles - Statistics

General Stats
  • This quiz has been taken 16 times
  • The average score is 5 of 10
Answer Stats
Hint Answer % Correct
Very long, often painted yellow Bus
87%
The mass ownership of these made the suburbs possible Car
87%
A sweaty way to get to work Bicycle
80%
Often seen ploughing the fields Tractor
73%
What your food is transported in Truck
73%
Hells Angels preferred mode of transport, according to surveys Motorbike
60%
Used in funeral processions, they drive very slowly Hearse
33%
A cool way to travel around Rome Scooter
33%
Used to rescue cats stuck in trees Fire engine
20%
Often found at the bottom of cliffs Ambulance
0%
No matching quizzes found
Score Distribution
Percent of People with Each Score
Percentile by Number Answered
Your Score History
You have not taken this quiz